Panjabi short story; (Record no. 80529)
[ view plain ]
| 000 -LEADER | |
|---|---|
| fixed length control field | 00636nam a2200217 4500 |
| 001 - CONTROL NUMBER | |
| control field | sa 68005114 |
| 003 - CONTROL NUMBER IDENTIFIER | |
| control field | DLC |
| 005 - DATE AND TIME OF LATEST TRANSACTION | |
| control field | 20260227112506.0 |
| 008 - FIXED-LENGTH DATA ELEMENTS--GENERAL INFORMATION | |
| fixed length control field | 680310s1966 ii b 00000 eng |
| 010 ## - LIBRARY OF CONGRESS CONTROL NUMBER | |
| LC control number | sa 68005114 |
| 025 ## - OVERSEAS ACQUISITION NUMBER | |
| Overseas acquisition number | PL480:I-E-6606 |
| 043 ## - GEOGRAPHIC AREA CODE | |
| Geographic area code | a-ii--- |
| 050 0# - LIBRARY OF CONGRESS CALL NUMBER | |
| Classification number | PK2654 |
| Item number | .U6 |
| 100 10 - MAIN ENTRY--PERSONAL NAME | |
| Personal name | Uppal, Swinder Singh, |
| Dates associated with a name | 1924- |
| 245 10 - TITLE STATEMENT | |
| Title | Panjabi short story; |
| Remainder of title | its origin and development. |
| 260 0# - PUBLICATION, DISTRIBUTION, ETC. | |
| Place of publication, distribution, etc. | New Delhi, |
| Name of publisher, distributor, etc. | Pushp Prakashan |
| Date of publication, distribution, etc. | [1966] |
| 300 ## - PHYSICAL DESCRIPTION | |
| Extent | 340 p. |
| Dimensions | 21 cm. |
| 502 ## - DISSERTATION NOTE | |
| Dissertation note | Thesis--University of Delhi. |
| 504 ## - BIBLIOGRAPHY, ETC. NOTE | |
| Bibliography, etc. note | Bibliography: p. [326]-334. |
| 650 #0 - SUBJECT ADDED ENTRY--TOPICAL TERM | |
| Topical term or geographic name entry element | Short stories, Panjabi |
| General subdivision | History and criticism. |
No items available.